Statistics for general KNOWLEDGE or IQ quiz

Click here to take the quiz!

General Stats

  • This quiz has been taken 30 times
  • The average score is 3 of 13

Answer Stats

HintAnswer% Correct
first president of usageorge washington
89%
In a darkroom and you have one match left, which do you light first, the newspaper, the candle or the lamp or....?match
44%
country which first made shampooINDIA
41%
largest democracyINDIA
41%
country with largest forest coverRUSSIA
33%
full form of iqintelligence quotient
26%
Lightest MetalLithium
15%
kingdom to which fungus belongsfungi
11%
layer of atmosphere responsible for radio signalsionosphere
11%
most viewed song on youtubesee you again
11%
founder of ZEROaryabhatta
4%
largest flowerRafflesia
4%
magnitude of magnetic field is zero atneutral points
0%

Score Distribution

Percentile by Number Answered

Percent of People with Each Score

Your Score History

You have not taken this quiz